LEADER 01080nam0 22002651i 450 001 SUN0033968 005 20050418120000.0 010 $a84-8155-126-0 100 $a20050315d1995 |0spac50 ba 101 $aspa 102 $aES 105 $a|||| ||||| 200 1 $aContribucion al estudio de la tutela testamentaria plural en derecho romano$fFederico D. de Bujan 210 $aMadrid$cDykinson$d1995 215 $a228 p.$d25 cm. 606 $aTestamento$xDiritto romano$2FI$3SUNC007198 620 $dMadrid$3SUNL000296 700 1$aBujan$b, Federico F. de$3SUNV028554$0416814 712 $aDykinson$3SUNV001550$4650 801 $aIT$bSOL$c20181109$gRICA 912 $aSUN0033968 950 $aUFFICIO DI BIBLIOTECA DEL DIPARTIMENTO DI GIURISPRUDENZA$d00 CONS XVIII.Efb.4 $e00 15178 995 $aUFFICIO DI BIBLIOTECA DEL DIPARTIMENTO DI GIURISPRUDENZA$h15178$kCONS XVIII.Efb.4$op$qa 996 $aContribución al estudio de la tutela testamentaria plural en derecho romano$9716468 997 $aUNICAMPANIA LEADER 03653oam 2200601I 450 001 9910457538703321 005 20200520144314.0 010 $a0-203-83585-9 010 $a9786613105035 010 $a1-283-10503-9 010 $a1-136-85938-1 024 7 $a10.4324/9780203835852 035 $a(CKB)2550000000079106 035 $a(StDuBDS)AH24073312 035 $a(SSID)ssj0000536153 035 $a(PQKBManifestationID)12176311 035 $a(PQKBTitleCode)TC0000536153 035 $a(PQKBWorkID)10563591 035 $a(PQKB)11520639 035 $a(MiAaPQ)EBC668749 035 $a(Au-PeEL)EBL668749 035 $a(CaPaEBR)ebr10462600 035 $a(CaONFJC)MIL310503 035 $a(OCoLC)712037585 035 $a(EXLCZ)992550000000079106 100 $a20180706d2011 uy 0 101 0 $aeng 135 $aur||||||||||| 181 $ctxt 182 $cc 183 $acr 200 10$aEleven exercises in the art of architectural drawing $eslow-food for the architect's imagination /$fMarco Frascari 210 1$aLondon :$cRoutledge,$d2011. 215 $a1 online resource (viii, 213 p. ) $cill. (chiefly col.) 300 $aBibliographic Level Mode of Issuance: Monograph 311 $a0-415-77925-1 311 $a0-415-77926-X 320 $aIncludes bibliographical references and index. 327 $aArchitectural iconoclasm -- The cosmopoiesis of architectural drawings -- Festina lente -- Drawings as loci for thought -- The pregnancy of drawings -- Nullo die sine linea -- Architectural consciousness -- Architectural brouillons: work intended to be recopied -- Cosmopoiesis and elegant drawings -- Traces and architecture -- Tools for architectural thinking -- Disegnare designare -- The light of drawing imagination -- Cosmopoiesis and world-making. 330 $aThis text offers 11 servings of 'slow food' for the architectural imagination as opposed to the tasteless 'fast food' that dominates many drawing tables or digital tablets. 330 $bThis book deals with the critical nature and crucial role of architectural drawings. A manual which is essentially not a manual; it is an elucidation of an elegant manner for practising architecture. Organized around eleven exercises, the book does not emphasize speed, nor incorporate many timesaving tricks typical of drawing books, but rather proposes a slow, meditative process for construing drawings and for drawing constructing thoughts. This is an indispensable reference text and an effective textbook for students seeking to advance their appreciation of the nature and exercise of architectural drawings. This book deals with the critical nature and crucial role of architectural drawings. A manual which is essentially not a manual; it is an elucidation of an elegant manner for practising architecture. Organized around eleven exercises, the book does not emphasize speed, nor incorporate many timesaving tricks typical of drawing books, but rather proposes a slow, meditative process for construing drawings and for drawing constructing thoughts. This is an indispensable reference text and an effective textbook for students seeking to advance their appreciation of the nature and exercise of architectural drawings. 606 $aArchitectural drawing$xTechnique 608 $aElectronic books. 615 0$aArchitectural drawing$xTechnique. 676 $a720.28/4 700 $aFrascari$b Marco.$0320252 801 0$bMiAaPQ 801 1$bMiAaPQ 801 2$bMiAaPQ 906 $aBOOK 912 $a9910457538703321 996 $aEleven exercises in the art of architectural drawing$92000673 997 $aUNINA